000 01838nam a2200337 a 4500
003 CO-PeBPR
005 20260430145655.0
008 260415e2024 ck a|||| n||| 00| 0 spa c
020 _a9786289604054
040 0 _aCO-PeBPR
_bspa
_cCO-PeBPR
_erda
041 0 _hspa
082 0 4 _a(i) 741.5 A473l
100 1 _aAlvarez, Lorena
_d1983
_eautora
245 1 0 _aLuces nocturnas
_c/ Lorena Álvarez ; traducción de Gonzalo Quesada
250 _aEdición especial
264 1 _aBogotá, Colombia
_b: Ciceron
_c, 2024
300 _a54 páginas
_b: ilustraciones a color
_c; 30 centímetros
336 _atexto
_btxt
_crdacontenido
337 _asin mediación
_bn
_2rdamedio
338 _avolumen
_bnc
_2rdasoporte
490 _aPlan Nacional de Lectura, Escritura y Oralidad / Ministerio de las Culturas, las Artes y los Saberes.
500 _aContiene biografía de la autora.
520 _aTodas las noches aparecen luces diminutas en el cuarto de Sandy. Las atrapa y crea criaturas maravillosas con las que juega hasta que se duerme, y por la mañana les devuelve la vida en sus extravagantes dibujos. Cuando en su colegio aparece una misteriosa niña, alguien se fija por primera vez en los dibujos de Sandy. Pero la fascinación de Morfie con su talento pronto se convierte en algo mucho más siniestro. De la cautivadora imaginación de la colombiana Lorena Álvarez brota Luces nocturnas, una hermosa historia sobre el miedo, la inseguridad y la creatividad.
521 _aRecomendado para 0 a 7 años.
650 1 4 _2LEMB
_aTiras cómicas
_xhistorietas infantiles colombianas
_ySiglo XXI
650 1 4 _2LEMB
_aLiteratura infantil colombiana
_ySiglo XXI
650 1 4 _2LEMB
_aImaginación en niños en la literatura
650 1 4 _2LEMB
_aMiedos infantiles en la literatura
700 1 _aQuesada, Gonzalo
_etraductor
942 _2ddc
_cBKINF
999 _c17828
_d17828